Negotiating for India (Record no. 925)

MARC details
000 -LEADER
fixed length control field 00923 a2200217 4500
008 - FIXED-LENGTH DATA ELEMENTS--GENERAL INFORMATION
fixed length control field 080821t xxu||||| |||| 00| 0 eng d
010 ## - LIBRARY OF CONGRESS CONTROL NUMBER
LC control number ENG-85024
020 ## - INTERNATIONAL STANDARD BOOK NUMBER
International Standard Book Number 8173046727
Terms of availability 750.00
035 ## - SYSTEM CONTROL NUMBER
System control number EN-68557
037 ## - SOURCE OF ACQUISITION
Source of stock number/acquisition D.B.Act / Pub
082 ## - DEWEY DECIMAL CLASSIFICATION NUMBER
Classification number 327.2
100 ## - MAIN ENTRY--PERSONAL NAME
Personal name Mehta, Jagat S.
245 ## - TITLE STATEMENT
Title Negotiating for India
Remainder of title resolving problems through diplomacy : seven case studies, 1958-1978
Statement of responsibility, etc Jagat S. Mehta.
260 ## - PUBLICATION, DISTRIBUTION, ETC. (IMPRINT)
Place of publication, distribution, etc New Delhi :
Name of publisher, distributor, etc Manohar Publishers and Distributors
-- Pansy Books (Vendor)
Date of publication, distribution, etc 2006.
300 ## - PHYSICAL DESCRIPTION
Extent 296 p.
Other physical details ill. ;
Dimensions 23 cm. (Hb)
500 ## - GENERAL NOTE
General note Includes index.
520 ## - SUMMARY, ETC.
Summary, etc Chronological compilation of the author's diplomatic experiences.
651 ## - SUBJECT ADDED ENTRY--GEOGRAPHIC NAME
Geographic name India
General subdivision Foreign relations.
942 ## - ADDED ENTRY ELEMENTS (KOHA)
Institution code [OBSOLETE] dpl
Koha item type English Books
Call number prefix 327.2 / MEH
Source of classification or shelving scheme Dewey Decimal Classification
Classification part 327.2
Call number suffix MEH
Holdings
Withdrawn status Lost status Damaged status Not for loan Home library Current library Date acquired Cost, normal purchase price Total Checkouts Full call number Barcode Date last seen Copy number Uniform Resource Identifier Cost, replacement price Price effective from Koha item type
        D.B.Act.Division D.B.Act.Division 21/08/2008 750.00   327.2 MEH EN-68557 15/09/2008 1 987 750.00 15/09/2008 English Books

© Delhi Public Library
Hit Counter
free hit counter